Tom thumb / (Record no. 9886)

MARC details
000 -LEADER
fixed length control field 01095nam a22002897a 4500
001 - CONTROL NUMBER
control field 9886
003 - CONTROL NUMBER IDENTIFIER
control field FISKH
005 - DATE AND TIME OF LATEST TRANSACTION
control field 20260312094936.0
008 - FIXED-LENGTH DATA ELEMENTS--GENERAL INFORMATION
fixed length control field 260311b cb ||||| |||| 00| 0 eng d
020 ## - INTERNATIONAL STANDARD BOOK NUMBER
International Standard Book Number 9780721415444
040 ## - CATALOGING SOURCE
Original cataloging agency FISKH
Language of cataloging eng
Transcribing agency FISKH
Modifying agency FISKH
050 ## - LIBRARY OF CONGRESS CALL NUMBER
Classification number PZ7
082 ## - DEWEY DECIMAL CLASSIFICATION NUMBER
Classification number 823.914
100 ## - MAIN ENTRY--PERSONAL NAME
Personal name Daly, Audrey
Relator term Author
245 ## - TITLE STATEMENT
Title Tom thumb /
Statement of responsibility, etc. By Audrey Daly ; illustrated by Peter Steven
260 ## - PUBLICATION, DISTRIBUTION, ETC.
Place of publication, distribution, etc. Loughborough :
Name of publisher, distributor, etc. Ladybird Books Ltd ,
Date of publication, distribution, etc. 1993
300 ## - PHYSICAL DESCRIPTION
Extent 26 unnumbered pages :
Other physical details color illustrations ;
Dimensions 18 cm
490 ## - SERIES STATEMENT
Series statement Ladybird favourite tales
505 ## - FORMATTED CONTENTS NOTE
Formatted contents note G<br/>
520 ## - SUMMARY, ETC.
Summary, etc. Tom Thumb is a very little boy, who although he is just about the size of his father's thumb is very adventurous and his curiosity gets him into some difficult situations. With courage, wit and the help of some animal friends, Tom shows that though he may be a very small boy, he is a great hero.
521 8# - TARGET AUDIENCE NOTE
Target audience note 340<br/>
Source Lexile<br/>
521 8# - TARGET AUDIENCE NOTE
Target audience note G<br/>
Source Raz-Plus<br/>
650 ## - SUBJECT ADDED ENTRY--TOPICAL TERM
Topical term or geographic name entry element Fairy tales
Form subdivision Fiction
700 ## - ADDED ENTRY--PERSONAL NAME
Personal name Steven, Peter
Relator term Illustrator
942 ## - ADDED ENTRY ELEMENTS (KOHA)
Source of classification or shelving scheme Dewey Decimal Classification
Koha item type Books
Suppress in OPAC No
Holdings
Withdrawn status Lost status Source of classification or shelving scheme Damaged status Not for loan Collection Home library Current library Shelving location Date acquired Total Checkouts Full call number Barcode Date last seen Copy number Price effective from Koha item type
    Dewey Decimal Classification     Juvenile Fiction Footprints International School Library Network Toul Tom Poung Campus Footprints International School Library Network Toul Tom Poung Campus TTP Primary Green Bookshelves 03/11/2026   DAL 823.914 PZ7 FISBK07159 03/11/2026 1 03/11/2026 Books